00650nam a2200217 a 4500003000900000005001700009008004100026040001300067100002100080245002200101260006600123300001800189500006000207650001500267650001100282650002900293653002300322653002700345655001500372700004500387AR-BaBNM20251128205543.0082120s2002 ||||||||||||||000 | spa|| cAR-BaBNM1 aVallejo, César00aPoesía completa aBuenos AiresbArte y LiteraturabCasa de las Américasc1988 acxxiv, 404 p. aContiene índice de primeros versos o frases en p. 389 4aANTOLOGIAS 4aPOESIA 4aLITERATURA CONTEMPORANEA aLITERATURA PERUANA aVANGUARDIAS LITERARIAS aLITERATURA1 aHernández Novás, Raúleprologuista